000 00875nam a2200253 i 4500
001 bg
003 BPK
005 20191129112817.0
008 061120s2004 enka f 000 0 eng d
020 _a0194309509
040 _cBPK
080 _a372.881.111.1
080 _a061(4-67)
245 0 0 _aInsights from the Common European Framework /
_ced. by Keith Morrow.
260 _aOxford :
_bOxford University Press,
_c2004.
300 _aV, [1], 143 s. :
_bil. ;
_c25 cm.
650 9 _aJęzyk angielski
_xnauczanie
_xorganizacja
650 9 _aRada Europy
700 1 _aMorrow, Keith.
_eRed.
710 2 _aOxford University Press
_4pbl.
942 _cKS
_2UKD
856 _uhttp://koha.tu.koszalin.pl/cgi-bin/koha/opac-detail.pl?biblionumber=52171
_yKatalog online BPK
999 _c52171
_d52171